Fr. Conceicao Rodrigues College of Engineering

Start up marketing strategies (Record no. 36021)

MARC details
000 -LEADER
fixed length control field 00405nam a22001577a 4500
003 - CONTROL NUMBER IDENTIFIER
control field OSt
005 - DATE AND TIME OF LATEST TRANSACTION
control field 20231213105042.0
007 - PHYSICAL DESCRIPTION FIXED FIELD--GENERAL INFORMATION
fixed length control field 240 pages
008 - FIXED-LENGTH DATA ELEMENTS--GENERAL INFORMATION
fixed length control field 231213b |||||||| |||| 00| 0 eng d
020 ## - INTERNATIONAL STANDARD BOOK NUMBER
International Standard Book Number 9789390166824
040 ## - CATALOGING SOURCE
Transcribing agency
082 ## - DEWEY DECIMAL CLASSIFICATION NUMBER
Classification number 808.83/RAM
245 ## - TITLE STATEMENT
Title Start up marketing strategies
Remainder of title 11 real life cases of indian start ups.
Statement of responsibility, etc. Ramesh,Anil
260 ## - PUBLICATION, DISTRIBUTION, ETC.
Name of publisher, distributor, etc. jaico
Date of publication, distribution, etc. 2022
942 ## - ADDED ENTRY ELEMENTS (KOHA)
Source of classification or shelving scheme Dewey Decimal Classification
Koha item type BOOK
Suppress in OPAC No
Holdings
Withdrawn status Lost status Source of classification or shelving scheme Damaged status Not for loan Collection Home library Current library Date acquired Cost, normal purchase price Total Checkouts Full call number Barcode Date last seen Date last checked out Price effective from Koha item type
    Dewey Decimal Classification     MECHANICAL Fr. Agnel's C.Rodrigues College of Engineering AGNEL TECHNICAL COLLEGE LIBRARY 13/12/2023 599.00 3 808.83/RAM 26304 26/02/2024 01/02/2024 13/12/2023 BOOK